000 00939nam a2200253 i 4500
003 DO-SdBNP
005 20250919112547.0
007 ta
008 250218b2017 dr ||||| |||| 00| 0 spa d
040 _aDO-SdBNP
_bspa
_cBNPHU
_erda
082 4 _axxx
_bxxx
_222
245 0 0 _aConstitución de la República Dominicana :
_bproclamada el 13 de junio de 2015.
_cedición, Katherine Estévez
264 4 _aSanto Domingo :
_bEditor Tribunal Constitucional de la República Dominicana,
_c2017.
300 _a301 páginas ;
_c12 cm.
336 _atexto
_btxt
_2rdacontent
337 _asin mediación
_bn
_2rdamedia
338 _avolumen
_bnc
_2rdacarrier
500 _aPublicada en la Gaceta Oficial No. 10805, del 10 de julio de 2015.
590 _aInventariado, 2025/BT
700 1 _aEstévez, Katherine,
_eeditor
_4ed.
_984225
710 1 _aRepública Dominicana.
_bCorte de Constitucionalidad
_971191
910 _aBtavárez
942 _2ddc
_cLBS1
999 _c58128
_d58128